00597nam a2200205 a 450000100100000000500170001000800410002702000150006810000240008324500690010725000120017626000410018830000100022949000270023950000450026665000180031165000230032965000200035265000190037200001337020200120221925.0990714s1997 esp gr 0 000 d a84010098200 aSkármeta, Antonio13aEl cartero de Neruda (ardiente paciencia) /cAntonio Skármeta. a4a. ed. aBarcelona :bPlaza y Janés,c1997. a139p. 0aAve Fenix: Serie mayor aEj.1 Biblioteca Mosquera, ed. 1 de 1996.14aNERUDA, PABLO14aLITERATURA CHILENA14aNOVELA HISTORIA14aNOVELA CHILENA